| 000 | 00535nam a22001577a 4500 | ||
|---|---|---|---|
| 020 | _a9789870326137 | ||
| 080 | _a342.2 T 265 | ||
| 100 | _aBalerdi, Juan Carlos (coordinador) | ||
| 245 |
_aTeoría del Estado _bMiradas desde el sur del continente americano |
||
| 260 |
_aCiudad Autónoma de Buenos Aires _bLa Ley _c2013 |
||
| 300 | _a240 p. | ||
| 650 |
_xteoría del estado _xanarquismo _xteorías del contrato social _xderecho político _xCarl Schmitt |
||
| 700 | _aPeri Guedes, Marco Aurelio | ||
| 945 |
_asa _d2015-07-01 |
||
| 999 |
_c4091 _d234595 |
||
| 942 | _6_ | ||